[Event "BI-2013-F-0007"]
[Site "LSS email"]
[Date "2014.02.21"]
[Round "?"]
[White "Jacewicz, Grzegorz"]
[Black "Razumichin, Andrey Mikhailovich"]
[Result "1/2-1/2"]
[WhiteElo "2035"]
[BlackElo "2211"]
[PlyCount "56"]
[EventDate "2014.02.27"]
[EventType "tourn (corr)"]
[EventRounds "10"]
[EventCountry "GER"]
[SourceTitle "Corr 2015"]
[Source "ChessBase"]
[SourceDate "2015.07.17"]
[SourceVersion "1"]
[SourceVersionDate "2015.07.17"]
[SourceQuality "1"]

1. d4 d5 2. c4 c6 3. Nc3 Nf6 4. Nf3 e6 5. e3 Nbd7 6. Qc2 Bd6 7. Bd3 0-0 8. 0-0 dxc4 9. Bxc4 a6 10. a4 c5 11. Rd1 cxd4 12. Ne4 Nxe4 13. Qxe4 Nf6 14. Qxd4 Bc7 15. b3 Qxd4 16. Nxd4 Bd7 17. Bb2 Rfd8 18. Rac1 Rac8 19. h3 Ba5 20. Bd3 Be8 21. Rxc8 Rxc8 22. Rc1 Rxc1+ 23. Bxc1 e5 24. Nf5 Bb4 25. e4 Nd7 26. Bc2 f6 27. Ne3 Nb8 28. Nd5 Bc5 1/2-1/2

[Event "CP-2012-Q-00007"]
[Site "LSS email"]
[Date "2013.12.17"]
[Round "?"]
[White "Razumichin, Andrey Mikhailovich"]
[Black "Simmelink, Joop Theo"]
[Result "1/2-1/2"]
[WhiteElo "2225"]
[BlackElo "2289"]
[PlyCount "60"]
[EventDate "2013.12.22"]
[EventType "tourn (corr)"]
[EventRounds "6"]
[EventCountry "GER"]
[SourceTitle "Corr 2015"]
[Source "ChessBase"]
[SourceDate "2015.07.17"]
[SourceVersion "1"]
[SourceVersionDate "2015.07.17"]
[SourceQuality "1"]

1. e4 Nc6 2. Nf3 e5 3. Bb5 a6 4. Ba4 Nf6 5. 0-0 Be7 6. Re1 b5 7. Bb3 0-0 8. h3 Bb7 9. d3 d5 10. exd5 Nxd5 11. Nxe5 Nd4 12. Nd2 c5 13. Nef3 Nxb3 14. Nxb3 Qc7 15. a4 h6 16. axb5 axb5 17. Bd2 Rxa1 18. Qxa1 Ra8 19. Qd1 Bf8 20. c3 Rd8 21. Qe2 Nf6 22. c4 Qd6 23. cxb5 Re8 24. Qf1 Bxf3 25. Rxe8 Nxe8 26. gxf3 Qb6 27. Bc3 Qxb5 28. Qe2 Qxb3 29. Qxe8 Qd1+ 30. Kg2 Qxd3 1/2-1/2

[Event "BI-2013-P-00019"]
[Site "LSS email"]
[Date "2013.04.22"]
[Round "?"]
[White "Couspeyre, Thierry"]
[Black "Razumichin, Andrey Mikhailovich"]
[Result "0-1"]
[WhiteElo "1212"]
[BlackElo "2221"]
[PlyCount "68"]
[EventDate "2013.04.25"]
[EventType "tourn (corr)"]
[EventRounds "10"]
[EventCountry "GER"]
[SourceTitle "Telechess CBM 167"]
[Source "ChessBase"]
[SourceDate "2015.07.13"]
[SourceVersion "1"]
[SourceVersionDate "2015.07.13"]
[SourceQuality "1"]

1. d4 d5 2. c4 c6 3. Nf3 Nf6 4. e3 e6 5. Nc3 Nbd7 6. cxd5 exd5 7. Bd3 Bd6 8. 0-0 0-0 9. e4 dxe4 10. Nxe4 Nxe4 11. Bxe4 Nf6 12. Bc2 Qc7 13. Qd3 Re8 14. h3 g6 15. Bh6 Be6 16. Rfe1 Nd5 17. a3 Bf4 18. Bxf4 Nxf4 19. Qd2 Bd5 20. Re3 Rxe3 21. Qxe3 Bxf3 22. Qxf3 Re8 23. Bd3 Rd8 24. Re1 Rxd4 25. Re8+ Kg7 26. Bc2 Qd6 27. Qe3 Rd2 28. Qc3+ Kh6 29. Qc4 b5 30. Qb3 a5 31. Be4 Ne2+ 32. Kf1 Rxb2 33. Qe3+ Kg7 34. Ke1 Qh2 0-1

[Event "BI-2013-P-00019"]
[Site "LSS email"]
[Date "2013.04.22"]
[Round "?"]
[White "Grabowski, Benedykt"]
[Black "Razumichin, Andrey Mikhailovich"]
[Result "1/2-1/2"]
[WhiteElo "1855"]
[BlackElo "2221"]
[PlyCount "51"]
[EventDate "2013.04.25"]
[EventType "tourn (corr)"]
[EventRounds "10"]
[EventCountry "GER"]
[SourceTitle "Telechess CBM 167"]
[Source "ChessBase"]
[SourceDate "2015.07.13"]
[SourceVersion "1"]
[SourceVersionDate "2015.07.13"]
[SourceQuality "1"]

1. c4 e5 2. Nc3 Nf6 3. Nf3 Nc6 4. g3 d5 5. cxd5 Nxd5 6. Bg2 Nb6 7. 0-0 Be7 8. a3 0-0 9. b4 Be6 10. Rb1 f6 11. d3 a5 12. b5 Nd4 13. Nd2 Qc8 14. e3 Nf5 15. Qc2 a4 16. Rd1 Rd8 17. Nf3 Kh8 18. d4 Bb3 19. Rxb3 axb3 20. Qxb3 exd4 21. Nxd4 Nxd4 22. exd4 Ra7 23. Re1 Bf8 24. a4 Re8 25. Rxe8 Qxe8 26. Bf4 1/2-1/2

[Event "BI-2013-P-00019"]
[Site "LSS email"]
[Date "2013.04.22"]
[Round "?"]
[White "Tyutyunnik, Roman"]
[Black "Razumichin, Andrey Mikhailovich"]
[Result "1/2-1/2"]
[WhiteElo "1969"]
[BlackElo "2221"]
[PlyCount "98"]
[EventDate "2013.04.25"]
[EventType "tourn (corr)"]
[EventRounds "10"]
[EventCountry "GER"]
[SourceTitle "Telechess CBM 167"]
[Source "ChessBase"]
[SourceDate "2015.07.13"]
[SourceVersion "1"]
[SourceVersionDate "2015.07.13"]
[SourceQuality "1"]

1. e4 c5 2. Nf3 Nc6 3. d4 cxd4 4. Nxd4 Nf6 5. Nc3 e5 6. Ndb5 d6 7. Bg5 a6 8. Na3 b5 9. Nd5 Be7 10. Bxf6 Bxf6 11. c4 b4 12. Nc2 a5 13. Qf3 Be7 14. Rd1 0-0 15. c5 Be6 16. Bb5 Rc8 17. 0-0 dxc5 18. Bxc6 Rxc6 19. Nce3 Qe8 20. Nc4 f6 21. a4 bxa3 22. Qxa3 Ra6 23. Qb3 Bd8 24. Ra1 Qc6 25. Rfd1 Rf7 26. Nce3 a4 27. Qc2 Be7 28. Ra3 Bf8 29. Rda1 Rb7 30. h3 Bf7 31. Rxa4 Rxa4 32. Rxa4 Rxb2 33. Qxb2 Qxa4 34. Qb8 Qe8 35. Qb7 h6 36. Nf5 Kh8 37. Nfe3 Be6 38. f3 Kg8 39. Kf2 Qc8 40. Qb6 Bf7 41. Qb5 h5 42. Qb3 Qd7 43. Qa2 Qb7 44. Kg3 Kh7 45. Qa4 Bd6 46. Kf2 Kg6 47. Kg3 Bf8 48. Kf2 Kh6 49. Kg3 Kh7 1/2-1/2

[Event "BI-2013-P-00019"]
[Site "LSS email"]
[Date "2013.04.22"]
[Round "?"]
[White "Zacharov, Oleg"]
[Black "Razumichin, Andrey Mikhailovich"]
[Result "1/2-1/2"]
[WhiteElo "2128"]
[BlackElo "2221"]
[PlyCount "97"]
[EventDate "2013.04.25"]
[EventType "tourn (corr)"]
[EventRounds "10"]
[EventCountry "GER"]
[SourceTitle "Telechess CBM 167"]
[Source "ChessBase"]
[SourceDate "2015.07.13"]
[SourceVersion "1"]
[SourceVersionDate "2015.07.13"]
[SourceQuality "1"]

1. d4 d5 2. Nf3 c6 3. c4 Nf6 4. e3 e6 5. Nc3 Nbd7 6. Bd3 dxc4 7. Bxc4 b5 8. Bd3 Bb7 9. 0-0 a6 10. e4 c5 11. d5 Qc7 12. dxe6 fxe6 13. Bc2 Bd6 14. Ng5 Nf8 15. f4 0-0-0 16. Qe2 h6 17. Nf3 Bxf4 18. e5 Bxf3 19. Qxf3 Bxe5 20. Qa8+ Kd7 21. Qxa6 b4 22. Nb5 Qc6 23. Rd1+ Nd5 24. Rxd5+ Qxd5 25. Be3 Ke7 26. Na7 Kf7 27. Nc6 Rd7 28. Bb3 Qe4 29. Bxc5 Bf4 30. Kh1 Kg8 31. Bxf8 Rd2 32. Qf1 Qxc6 33. Bxb4 Rxb2 34. Rd1 Rxb3 35. axb3 Qc2 36. Re1 Qf5 37. Qe2 Kh7 38. Qxe6 Qxe6 39. Rxe6 Rc8 40. g3 Bg5 41. Rb6 Bf6 42. Bd6 Rc1+ 43. Kg2 Rc2+ 44. Kf3 Rxh2 45. b4 Rb2 46. b5 Kg6 47. Ke4 h5 48. Rb7 Re2+ 49. Kd5 1/2-1/2

[Event "CP-2012-P-00013"]
[Site "LSS email"]
[Date "2012.10.01"]
[Round "?"]
[White "Istomin, Sergei"]
[Black "Razumichin, Andrey Mikhailovich"]
[Result "1/2-1/2"]
[WhiteElo "2223"]
[BlackElo "2245"]
[PlyCount "45"]
[EventDate "2012.10.05"]
[EventType "tourn (corr)"]
[EventRounds "6"]
[EventCountry "GER"]
[SourceTitle "Telechess CBM 159"]
[Source "ChessBase"]
[SourceDate "2014.03.17"]
[SourceVersion "1"]
[SourceVersionDate "2014.03.17"]
[SourceQuality "1"]
[BlackTeam "SK Bremen-Nord"]

1. d4 d5 2. c4 c6 3. Nf3 Nf6 4. e3 e6 5. Bd3 Bd6 6. Nc3 0-0 7. 0-0 dxc4 8. Bxc4 Nbd7 9. Qc2 b5 10. Be2 a6 11. Rd1 Qc7 12. Ne4 Nxe4 13. Qxe4 Bb7 14. b3 Be7 15. Qc2 Nf6 16. Bb2 Rac8 17. Rac1 Qa5 18. a4 c5 19. dxc5 Rxc5 20. Qd2 Qxd2 21. Nxd2 Rd8 22. Rxc5 Bxc5 23. Bc3 1/2-1/2

[Event "BI-2012-P-00023"]
[Site "LSS email"]
[Date "2012.04.20"]
[Round "?"]
[White "Albesa, Alfredo Ricardo"]
[Black "Razumichin, Andrey Mikhailovich"]
[Result "0-1"]
[WhiteElo "1637"]
[BlackElo "2248"]
[PlyCount "128"]
[EventDate "2012.04.22"]
[EventType "tourn (corr)"]
[EventRounds "10"]
[EventCountry "GER"]
[SourceTitle "Telechess CBM 159"]
[Source "ChessBase"]
[SourceDate "2014.03.17"]
[SourceVersion "1"]
[SourceVersionDate "2014.03.17"]
[SourceQuality "1"]
[BlackTeam "SK Bremen-Nord"]

1. e4 c5 2. Nf3 d6 3. d4 cxd4 4. Nxd4 Nf6 5. Nc3 a6 6. Be2 e5 7. Nb3 Be7 8. 0-0 0-0 9. Kh1 Nc6 10. f3 Be6 11. Nd5 a5 12. Be3 a4 13. Nc1 Bxd5 14. exd5 Nd4 15. c4 Nd7 16. Bd3 Bf6 17. Rb1 g6 18. Ne2 Nxe2 19. Qxe2 Bg5 20. Bf2 Qc7 21. b4 axb3 22. axb3 Ra3 23. Ra1 Qa5 24. Be1 Qa7 25. Bc3 Ra8 26. Rxa3 Qxa3 27. Rb1 Bh6 28. g3 Qc5 29. Kg2 Ra3 30. Qc2 Qb6 31. b4 Be3 32. Qb2 Ra8 33. Re1 Bd4 34. Bc2 Bxc3 35. Qxc3 Ra2 36. Re2 Kf8 37. Rd2 Qa7 38. Bb3 Rxd2+ 39. Qxd2 Qa3 40. Qc3 Ke7 41. g4 b6 42. Kg3 f5 43. gxf5 gxf5 44. Kf2 Nf6 45. Kf1 Kf7 46. Ke2 e4 47. f4 Nh5 48. Ke3 Qa8 49. Bd1 Nf6 50. Kf2 Qa2+ 51. Bc2 h5 52. Ke1 h4 53. Ke2 Kg6 54. b5 Ng4 55. h3 Nf6 56. Kd2 Kf7 57. Kc1 Nh5 58. Qe3 Qa1+ 59. Bb1 Nf6 60. Qb3 Qd4 61. Bc2 Qf2 62. Bd1 Qxf4+ 63. Kc2 Qg3 64. Qb4 Qd3+ 0-1

[Event "BI-2012-P-00023"]
[Site "LSS email"]
[Date "2012.04.20"]
[Round "?"]
[White "Migliorini, Roberto"]
[Black "Razumichin, Andrey Mikhailovich"]
[Result "0-1"]
[WhiteElo "1657"]
[BlackElo "2248"]
[PlyCount "96"]
[EventDate "2012.04.22"]
[EventType "tourn (corr)"]
[EventRounds "10"]
[EventCountry "GER"]
[SourceTitle "Telechess CBM 159"]
[Source "ChessBase"]
[SourceDate "2014.03.17"]
[SourceVersion "1"]
[SourceVersionDate "2014.03.17"]
[SourceQuality "1"]
[BlackTeam "SK Bremen-Nord"]

1. c4 e5 2. Nc3 Nf6 3. Nf3 Nc6 4. g3 d5 5. cxd5 Nxd5 6. Bg2 Nb6 7. 0-0 Be7 8. a3 0-0 9. d3 Be6 10. b4 a5 11. b5 Nd4 12. Nd2 c6 13. bxc6 Nxc6 14. Rb1 a4 15. Bxc6 bxc6 16. Qc2 f6 17. Bb2 Ra5 18. Bc1 Qc7 19. Nb5 Qb7 20. Nc3 Qa6 21. Nce4 Rc8 22. Rd1 Rb5 23. Bb2 Ba2 24. Ra1 Bb3 25. Nxb3 axb3 26. Qc3 Na4 27. Qc4+ Kh8 28. Qe6 Bf8 29. Rdb1 Rbb8 30. h4 Re8 31. Qd7 Re7 32. Qf5 c5 33. Nd2 g6 34. Qf3 Bh6 35. Nc4 Nxb2 36. Nxb2 e4 37. dxe4 f5 38. exf5 Bg7 39. e3 c4 40. Qe2 Rc7 41. e4 gxf5 42. exf5 Qc8 43. Qf3 Bf6 44. Qe4 c3 45. Re1 cxb2 46. Rab1 Rc1 47. Kg2 Rxb1 48. Rxb1 Qb7 0-1

[Event "BI-2012-P-00023"]
[Site "LSS email"]
[Date "2012.04.20"]
[Round "?"]
[White "Razumichin, Andrey Mikhailovich"]
[Black "Ivanov, Valerij"]
[Result "1/2-1/2"]
[WhiteElo "2248"]
[BlackElo "2252"]
[PlyCount "54"]
[EventDate "2012.04.22"]
[EventType "tourn (corr)"]
[EventRounds "10"]
[EventCountry "GER"]
[SourceTitle "Telechess CBM 159"]
[Source "ChessBase"]
[SourceDate "2014.03.17"]
[SourceVersion "1"]
[SourceVersionDate "2014.03.17"]
[SourceQuality "1"]
[WhiteTeam "SK Bremen-Nord"]

1. e4 c5 2. Nf3 Nc6 3. d4 cxd4 4. Nxd4 e5 5. Nb5 d6 6. N1c3 a6 7. Na3 b5 8. Nd5 Nf6 9. Bg5 Be7 10. Bxf6 Bxf6 11. c3 Bg5 12. Nc2 Rb8 13. a4 bxa4 14. Ncb4 Bd7 15. Bxa6 Nxb4 16. cxb4 0-0 17. 0-0 Bc6 18. Rxa4 Bxa4 19. Qxa4 Kh8 20. b5 Qd7 21. Qc4 Bd8 22. Qc6 Qa7 23. Qxd6 Re8 24. g3 Bb6 25. Kg2 Bd4 26. Qc7 Qxc7 27. Nxc7 Re7 1/2-1/2

[Event "BI-2012-P-00023"]
[Site "LSS email"]
[Date "2012.04.20"]
[Round "?"]
[White "Tittarelli, Adriano"]
[Black "Razumichin, Andrey Mikhailovich"]
[Result "0-1"]
[WhiteElo "1054"]
[BlackElo "2248"]
[PlyCount "58"]
[EventDate "2012.04.22"]
[EventType "tourn (corr)"]
[EventRounds "10"]
[EventCountry "GER"]
[SourceTitle "Telechess CBM 159"]
[Source "ChessBase"]
[SourceDate "2014.03.17"]
[SourceVersion "1"]
[SourceVersionDate "2014.03.17"]
[SourceQuality "1"]
[BlackTeam "SK Bremen-Nord"]

1. d4 d5 2. Bf4 Nf6 3. e3 c5 4. c3 Nc6 5. Nd2 Bf5 6. Ngf3 e6 7. Be2 Be7 8. Ne5 cxd4 9. exd4 Nxe5 10. Bxe5 0-0 11. h3 Bd6 12. Nf3 Re8 13. 0-0 Rc8 14. Bxd6 Qxd6 15. Bd3 Bxd3 16. Qxd3 Qb6 17. Rab1 Ne4 18. Nd2 Nd6 19. Rfe1 Qc6 20. Re2 a5 21. a3 b5 22. Nf3 b4 23. Ne5 Qb7 24. cxb4 axb4 25. axb4 Qxb4 26. Qg3 Qxd4 27. Ng4 Ne4 28. Qh4 f5 29. Ne3 Nc3 0-1

[Event "SM-2011-0-00172"]
[Site "LSS email"]
[Date "2011.11.03"]
[Round "?"]
[White "Almeida, Ramiro da Costa"]
[Black "Razumichin, Andrey Mikhailovich"]
[Result "1-0"]
[WhiteElo "2240"]
[BlackElo "2254"]
[PlyCount "107"]
[EventDate "2011.09.06"]
[EventType "tourn (corr)"]
[EventRounds "6"]
[EventCountry "GER"]
[SourceTitle "Telechess CBM 155"]
[Source "ChessBase"]
[SourceDate "2013.07.16"]
[SourceVersion "1"]
[SourceVersionDate "2013.07.16"]
[SourceQuality "1"]

1. e4 c5 2. Nf3 Nc6 3. d4 cxd4 4. Nxd4 Nf6 5. Nc3 e5 6. Ndb5 d6 7. Bg5 a6 8. Na3 b5 9. Nd5 Be7 10. Bxf6 Bxf6 11. c3 Bg5 12. Nc2 Ne7 13. h4 Bh6 14. a4 bxa4 15. Ncb4 0-0 16. Qxa4 a5 17. Bb5 Nxd5 18. Nxd5 Be6 19. Bc6 Rb8 20. b4 axb4 21. cxb4 Kh8 22. b5 f5 23. exf5 Rxf5 24. 0-0 g6 25. Rad1 Rf7 26. Rd3 Qf8 27. b6 Qd8 28. b7 Rfxb7 29. Bxb7 Rxb7 30. Qc6 Qd7 31. Qxd7 Rxd7 32. Rb1 Bf8 33. Nf6 Rf7 34. Ne4 Bf5 35. f3 Kg7 36. Kh2 h6 37. g4 Bxe4 38. fxe4 g5 39. h5 Rf4 40. Rb7+ Kg8 41. Rb8 Kg7 42. Rc3 Rxe4 43. Rc7+ Kg8 44. Rd7 Rxg4 45. Rxd6 Rf4 46. Rxh6 e4 47. Rg6+ Kh8 48. Re6 Kg8 49. Ree8 e3 50. Kg3 Rf7 51. Rbd8 g4 52. Kxg4 e2 53. Rxe2 Kh7 54. Red2 1-0